Stadiums of 1998 FIFA World Cup with a Map - Statistics

General Stats
  • This quiz has been taken 18 times
  • The average score is 5 of 10
Answers on the Map
Answers color-coded by a green-red scale on the quiz's map according to % correct below.
 
Answer Stats
Stadium % Correct
Stade de France
87%
Orange Vélodrome
73%
Parc des Princes
73%
Stadium de Toulouse
53%
Matmut Stadium de Gerland
33%
Stade Bollaert-Delelis
33%
Stade Chaban-Delmas
33%
Stade de La Beaujoire - Louis Fonteneau
33%
Stade de la Mosson
33%
Stade Geoffroy-Guichard
33%
No matching quizzes found
Score Distribution
Percent of People with Each Score
Percentile by Number Answered
Your Score History
You have not taken this quiz